000 00198nam a2200085Ia 4500
942 _cBK
245 0 _aPUBLIC SPEAKING
100 _aPATRICIA HAYES ANDREWS
008 210804s9999 xx 000 0 und d
999 _c39904
_d39903